Countries by Human Freedom - Statistics

General Stats
  • This quiz has been taken 1,684 times
    1,037 since last reset
  • The average score is 17 of 20
Answer Stats
HFI Score Country % Correct
8.66 Sweden
98%
8.62 Finland
96%
8.51 Norway
96%
8.47 Canada
94%
8.72 Denmark
94%
8.94 Switzerland
94%
8.30 United Kingdom
93%
8.51 Australia
90%
8.33 Germany
90%
8.64 Iceland
90%
8.55 Netherlands
90%
8.75 New Zealand
88%
8.39 Japan
86%
8.70 Ireland
85%
8.53 Luxembourg
83%
8.73 Estonia
70%
8.42 Latvia
68%
8.34 Lithuania
68%
8.33 Czechia
60%
8.44 Taiwan
56%
No matching quizzes found
Score Distribution
Percent of People with Each Score
Percentile by Number Answered
Your Score History
You have not taken this quiz since the last reset